00517nam a2200193 a 4500001001300000003000900013005001700022008004100039020002300080082001500103100002000118245006500138260003200203300000900235500003500244505000800279650001600287700002000303nice12345678IN_TiNIC20260116014308.0070412s2003 newa grp 000 0 eng  a174114101X c29500a158.3bBUR aBurns, Robert B aUnwindb 10 Ways to Manage Stress and Improve Your Wellbeing aNew DelhibViva Booksc2003 a257p aincludes index and biblioraphy2 a295 aCounselling1 aBurns, Robert B